[Event "Seefeld op"]
[Site "Seefeld"]
[Date "1996.??.??"]
[Round "?"]
[White "Martin, Stefan"]
[Black "Kuporosov, Viktor"]
[Result "0-1"]
[WhiteElo "2235"]
[BlackElo "2510"]
[PlyCount "108"]
[EventDate "1996.??.??"]
[Source "www.chesslib.no"]
[SourceDate "2004.05.04"]

1. d4 Nf6 2. c4 d6 3. Nc3 Bf5 4. f3 e5 5. dxe5 dxe5 6. Qxd8+ Kxd8 7. e4 Be6 8. Nd5 Nbd7 9. Bg5 h6 10. Bh4 c6 11. O-O-O Be7 12. Nxe7 Kxe7 13. b3 a5 14. Ne2 a4 15. Kb2 axb3 16. axb3 Ra6 17. Nc3 Rha8 18. Be2 Nc5 19. Rb1 g5 20. Bf2 Nfd7 21. Kc2 Ra3 22. Be3 b5 23. Bc1 R3a7 24. cxb5 cxb5 25. Bxb5 Rc7 26. Bc4 Nb6 27. Bxe6 Nxe6 28. Be3 Rac8 29. Bxb6 Rxc3+ 30. Kd1 Rc2 31. Re1 Rxg2 32. Re2 Rxe2 33. Kxe2 Rc2+ 34. Kd3 Rxh2 35. Bg1 Nf4+ 36. Kc4 Rc2+ 37. Kb5 h5 38. b4 h4 39. Ka6 h3 40. b5 h2 41. Bxh2 Ra2+ 42. Kb7 Rxh2 43. b6 Ne6 44. Ka8 Ra2+ 45. Kb8 Nc5 46. Kc7 Rc2 47. Kc6 Nd7+ 48. Kb5 Rc5+ 49. Ka4 Rc6 50. Ka5 Rxb6 51. Rxb6 Nxb6 52. Kxb6 f5 53. Kc5 fxe4 54. fxe4 g4 0-1

[Event "Madrid FMA Trofeo"]
[Site "?"]
[Date "2000.10.07"]
[Round "2"]
[White "Martinez Martin David"]
[Black "Ivanov Jordan"]
[Result "0-1"]
[WhiteElo "2283"]
[BlackElo "2461"]
[PlyCount "64"]
[EventDate "2000.??.??"]
[Source "www.chesslib.no"]
[SourceDate "2004.05.04"]

1. d4 Nf6 2. c4 d6 3. Nc3 Bf5 4. e3 Ne4 5. Qd3 d5 6. cxd5 Nxc3 7. Qxf5 Nxd5 8. a3 Nc6 9. Nf3 g6 10. Qd3 Bg7 11. e4 Nb6 12. Be3 O-O 13. Be2 e5 14. d5 Ne7 15. Rd1 Nbc8 16. O-O Nd6 17. b4 a5 18. bxa5 Rxa5 19. Bd2 Ra8 20. Bb4 Nec8 21. Nd2 f5 22. exf5 gxf5 23. f4 e4 24. Qe3 Nb6 25. Nb3 Rf7 26. Qc1 Qf6 27. Nc5 Qb2 28. Bh5 Bd4+ 29. Kh1 Rf6 30. Rxd4 Qxd4 31. Ne6 Qc4 32. Bc3 Rh6 0-1

[Event "Hlohovec Open"]
[Site "Hlohovec"]
[Date "1993.??.??"]
[Round "?"]
[White "Obodchuk, Andrei"]
[Black "Bielczyk, Jacek"]
[Result "1-0"]
[WhiteElo "2365"]
[BlackElo "2370"]
[PlyCount "41"]
[EventDate "1993.??.??"]
[Source "www.chesslib.no"]
[SourceDate "2004.05.04"]

1. d4 Nf6 2. c4 d6 3. Nc3 Bf5 4. g3 e5 5. Nf3 Nc6 6. d5 Ne7 7. Bg2 Ne4 8. Nxe4 Bxe4 9. Qb3 Qc8 10. O-O Bxf3 11. exf3 f5 12. f4 e4 13. f3 exf3 14. Rxf3 g6 15. Bd2 Bg7 16. Re1 Kf7 17. Bc3 Bxc3 18. Qxc3 Re8 19. Rfe3 Qd7 20. Re6 Ng8 21. Qh8 1-0

[Event "Open di Natale"]
[Site "Zurigo SVI"]
[Date "2008.12.29"]
[Round "6"]
[White "Hobuss, U."]
[Black "Dimitrov, At"]
[Result "0-1"]
[WhiteElo "2405"]
[BlackElo "2329"]
[PlyCount "112"]
[EventDate "2008.12.26"]
[Source "www.chesslib.no"]
[SourceDate "2004.05.04"]

1. d4 Nf6 2. c4 d6 3. Nc3 Bf5 4. f3 e5 5. e4 exd4 6. Qxd4 Nc6 7. Qd2 Be6 8. b3 g6 9. Bb2 Bg7 10. Nge2 O-O 11. Ng3 Nd7 12. Be2 Nc5 13. O-O a5 14. Nd5 Bxd5 15. cxd5 Nb8 16. f4 Nbd7 17. Bxg7 Kxg7 18. Rae1 f6 19. Kh1 Re8 20. Bf3 Qb8 21. Re3 Qa7 22. Qc3 Qb6 23. a3 Re7 24. Rfe1 Rae8 25. Nf1 c6 26. dxc6 bxc6 27. g3 a4 28. b4 Nb3 29. Bd1 Nd4 30. Bxa4 Ra8 31. Bd1 c5 32. bxc5 dxc5 33. Nd2 Qc6 34. Kg1 Nb6 35. Qc1 c4 36. a4 Rc7 37. Rc3 Qc5 38. Kg2 Qb4 39. Ree3 Nxa4 40. Ra3 Nb5 41. Rxa4 Rxa4 42. Bxa4 Qxa4 43. e5 fxe5 44. fxe5 c3 45. Nf3 Qa2+ 46. Kh3 Qe6+ 47. Kg2 c2 48. h4 h5 49. Kh2 Qb6 50. Re2 Qc6 51. Re3 Qc5 52. Rb3 Qd5 53. Qg5 c1=Q 54. Qf6+ Kh7 55. Ng5+ Qxg5 56. hxg5 Rc2+ 0-1

[Event "XIII festival A"]
[Site "Zupanja CRO"]
[Date "2007.01.06"]
[Round "5.10"]
[White "Sertic, Rudolf"]
[Black "Sutkovic, Damir"]
[Result "1-0"]
[WhiteElo "2346"]
[BlackElo "2385"]
[PlyCount "49"]
[EventDate "2007.01.03"]
[Source "www.chesslib.no"]
[SourceDate "2004.05.04"]

1. d4 Nf6 2. c4 d6 3. Nc3 Bf5 4. Nf3 g6 5. d5 Bg7 6. Nd4 Bd7 7. e4 Na6 8. Nb3 b6 9. Be2 e5 10. dxe6 Bxe6 11. Nd4 Bd7 12. Bg5 h6 13. Be3 Nc5 14. f3 a5 15. Qd2 O-O 16. g4 Bxg4 17. O-O-O Bh3 18. Bxh6 Ne6 19. Nxe6 Bxe6 20. Bg5 Qd7 21. h4 Qc6 22. h5 Nxh5 23. Rdg1 f5 24. Bh6 Kf7 25. Rxh5 1-0

[Event "HUN-chT 0203"]
[Site "?"]
[Date "2003.04.05"]
[Round "11"]
[White "Varga Peter"]
[Black "Gyurkovics Miklos"]
[Result "1-0"]
[WhiteElo "2490"]
[BlackElo "2241"]
[PlyCount "73"]
[EventDate "2003.??.??"]
[Source "www.chesslib.no"]
[SourceDate "2004.05.04"]

1. d4 Nf6 2. c4 d6 3. Nc3 Bf5 4. f3 e5 5. e4 exd4 6. Qxd4 Nc6 7. Qd2 Be6 8. b3 a5 9. Bb2 Be7 10. Nd5 O-O 11. Ne2 Re8 12. Ng3 Nb4 13. Nxe7+ Qxe7 14. Be2 Nd7 15. O-O Qh4 16. a3 Nc6 17. f4 f6 18. Bd3 Qh6 19. Qc3 Nc5 20. Bc2 a4 21. b4 Nb3 22. Bxb3 axb3 23. f5 Bf7 24. Bc1 Qh4 25. Rf4 Qg5 26. h4 b2 27. hxg5 bxa1=Q 28. Qxa1 fxg5 29. Rf2 g4 30. Bb2 Ne5 31. Bxe5 Rxe5 32. c5 h5 33. f6 h4 34. Nf5 g3 35. Rf4 g5 36. Rf1 Rae8 37. Qc1 1-0

[Event "Tirnavia-C"]
[Site "Trnava"]
[Date "1988.??.??"]
[Round "1"]
[White "Kaposztas, Miklos"]
[Black "Moehring, Guenther"]
[Result "1/2-1/2"]
[WhiteElo "2335"]
[BlackElo "2395"]
[PlyCount "43"]
[EventDate "1988.??.??"]
[Source "www.chesslib.no"]
[SourceDate "2004.05.04"]

1. d4 Nf6 2. c4 d6 3. Nc3 Bf5 4. f3 e5 5. e4 exd4 6. Qxd4 Be6 7. Be3 g6 8. Rc1 Bg7 9. Qd2 O-O 10. b3 c6 11. Nge2 d5 12. cxd5 cxd5 13. exd5 Nxd5 14. Nxd5 Qxd5 15. Qxd5 Bxd5 16. Rd1 Bc6 17. Nd4 Rd8 18. Be2 Be8 19. Kf2 Nc6 20. Nxc6 Bxc6 21. Rxd8+ Rxd8 22. Rd1 1/2-1/2

[Event "JUG Team Ch"]
[Site "Tivat"]
[Date "1995.??.??"]
[Round "6"]
[White "Jovanovic, Milenko"]
[Black "Kovacevic, Predrag"]
[Result "1/2-1/2"]
[WhiteElo "2315"]
[BlackElo "2405"]
[PlyCount "58"]
[EventDate "1995.??.??"]
[Source "www.chesslib.no"]
[SourceDate "2004.05.04"]

1. d4 Nf6 2. c4 d6 3. Nc3 Bf5 4. f3 e5 5. e4 exd4 6. Qxd4 Nc6 7. Qd2 Be6 8. b3 Be7 9. Nge2 O-O 10. Ng3 Nd7 11. Nd5 Bh4 12. Be2 f5 13. exf5 Bxf5 14. O-O Bg6 15. Bb2 Nc5 16. Rfe1 Ne5 17. Bxe5 dxe5 18. Qe3 b6 19. b4 c6 20. bxc5 cxd5 21. cxd5 Qxd5 22. cxb6 axb6 23. Red1 Qa5 24. Bc4+ Kh8 25. Bb3 Qb4 26. Rac1 Qf4 27. Qxf4 exf4 28. Ne4 Bxe4 29. fxe4 Rae8 1/2-1/2

[Event "ALBACETE Ch"]
[Site "?"]
[Date "2004.09.02"]
[Round "2.6"]
[White "Serna Lara Sergio"]
[Black "Hernandez Gilberto"]
[Result "0-1"]
[WhiteElo "2218"]
[BlackElo "2502"]
[PlyCount "54"]
[EventDate "2004.??.??"]
[Source "www.chesslib.no"]
[SourceDate "2004.05.04"]

1. d4 Nf6 2. c4 d6 3. Nc3 Bf5 4. f3 e5 5. e4 exd4 6. Qxd4 Nc6 7. Qd2 Be6 8. b3 g6 9. Bb2 Bg7 10. Nge2 O-O 11. Nf4 a5 12. Be2 Nd7 13. Ncd5 Bxb2 14. Qxb2 Bxd5 15. Nxd5 Nb4 16. O-O Nxd5 17. exd5 Qe7 18. Qd2 Rfe8 19. Rfe1 Nc5 20. Bf1 Qf6 21. Rad1 b6 22. Qf2 h5 23. g3 Kf8 24. Bg2 Rxe1+ 25. Qxe1 Re8 26. Qd2 Kg7 27. Kf2 Ne4+ 0-1

[Event "London ENG"]
[Site "?"]
[Date "2005.08.26"]
[Round "7"]
[White "Levitt Jonathan"]
[Black "Day Lawrence A"]
[Result "1-0"]
[WhiteElo "2441"]
[BlackElo "2270"]
[PlyCount "77"]
[EventDate "2005.??.??"]
[Source "www.chesslib.no"]
[SourceDate "2004.05.04"]

1. d4 Nf6 2. c4 d6 3. Nc3 Bf5 4. f3 e5 5. e4 exd4 6. Qxd4 Nc6 7. Qd2 Be6 8. b3 Be7 9. Bb2 O-O 10. Nge2 Nd7 11. g3 Bf6 12. Bg2 Nc5 13. O-O a5 14. Nd5 Bxb2 15. Qxb2 Ne5 16. Qd4 f6 17. f4 Nc6 18. Qd2 Re8 19. Rfe1 Qd7 20. Nec3 Kh8 21. Re3 Ne7 22. Rae1 Nxd5 23. cxd5 Bf7 24. h4 Bh5 25. Kh2 Bg4 26. Qd4 b6 27. Bf1 Qf7 28. Nb5 Re7 29. Bg2 Qh5 30. e5 fxe5 31. fxe5 Rf8 32. exd6 Rxe3 33. Rxe3 cxd6 34. Nxd6 Nd7 35. Re7 Qg6 36. Nc4 Nf6 37. Ne5 Qf5 38. d6 Bh5 39. d7 1-0

[Event "Amstelveen"]
[Site "Amstelveen"]
[Date "1994.??.??"]
[Round "2"]
[White "Breutigam, Martin"]
[Black "Bosch, Jeroen"]
[Result "0-1"]
[WhiteElo "2340"]
[BlackElo "2370"]
[PlyCount "58"]
[EventDate "1994.??.??"]
[Source "www.chesslib.no"]
[SourceDate "2004.05.04"]

1. d4 Nf6 2. c4 d6 3. Nc3 Bf5 4. Nf3 g6 5. e3 Ne4 6. Nxe4 Bxe4 7. Qb3 b6 8. d5 Bg7 9. Ng5 Bf5 10. e4 Bd7 11. f4 Na6 12. Bd2 Nc5 13. Qc2 O-O 14. Bc3 Bxc3+ 15. bxc3 e5 16. dxe6 fxe6 17. g3 e5 18. Qd2 exf4 19. gxf4 Qf6 20. f5 h6 21. Qd5+ Kg7 22. Nf3 Qxc3+ 23. Kf2 Qxa1 24. Rg1 c6 25. Rxg6+ Kh7 26. Rxh6+ Kxh6 27. Qxd6+ Qf6 28. Qf4+ Kh7 29. Ng5+ Qxg5 0-1

[Event "Manresa op"]
[Site "?"]
[Date "1996.??.??"]
[Round "2"]
[White "Ionescu, C."]
[Black "Menac, J."]
[Result "1-0"]
[WhiteElo "2520"]
[BlackElo "2190"]
[PlyCount "55"]
[EventDate "1996.??.??"]
[Source "www.chesslib.no"]
[SourceDate "2004.05.04"]

1. d4 Nf6 2. c4 d6 3. Nc3 Bf5 4. g3 e5 5. Nf3 Nbd7 6. Bg2 c6 7. O-O Be7 8. Nh4 Bg6 9. e4 O-O 10. Be3 exd4 11. Bxd4 Ne5 12. Nxg6 hxg6 13. c5 Qa5 14. Qe2 g5 15. f4 gxf4 16. gxf4 Ned7 17. cxd6 Bxd6 18. e5 Bc5 19. Bxc5 Qxc5+ 20. Kh1 Nd5 21. Nxd5 cxd5 22. Rad1 Nb6 23. f5 Rfe8 24. e6 fxe6 25. f6 Rf8 26. Qxe6+ Rf7 27. Rxd5 g6 28. Rxc5 1-0

[Event "13th HIT Open A"]
[Site "Nova Gorica SLO"]
[Date "2008.01.26"]
[Round "1"]
[White "Jovanic, O."]
[Black "Srebrnic, V."]
[Result "1-0"]
[WhiteElo "2491"]
[BlackElo "2218"]
[PlyCount "143"]
[EventDate "2008.01.26"]
[Source "www.chesslib.no"]
[SourceDate "2004.05.04"]

1. d4 Nf6 2. c4 d6 3. Nc3 Bf5 4. Nf3 g6 5. d5 Bg7 6. Nd4 Bd7 7. e4 c5 8. Nc2 O-O 9. Bd3 e5 10. Ne3 Na6 11. h4 h5 12. Be2 Qc8 13. a3 Nc7 14. Rb1 a5 15. b3 Rb8 16. Bd2 b6 17. g3 Bh6 18. O-O Bh3 19. Ng2 Bxd2 20. Qxd2 Kg7 21. f4 Nd7 22. f5 Qd8 23. Rf2 Bxg2 24. Kxg2 Nf6 25. Rbf1 Nce8 26. Qe3 Nh7 27. Nb5 Qe7 28. Kg1 Nef6 29. Rg2 Kh8 30. fxg6 fxg6 31. Qh6 Rg8 32. Nc7 Qg7 33. Qxg7+ Rxg7 34. Ne6 Re7 35. Bd3 Kg8 36. Rb2 Ra8 37. Rf3 Rea7 38. Kg2 Ng4 39. Rb1 Rf7 40. Be2 Rxf3 41. Bxf3 Ne3+ 42. Kh3 Nc2 43. g4 hxg4+ 44. Bxg4 Nd4 45. Rg1 a4 46. bxa4 Rxa4 47. Rg3 Rxc4 48. Bf5 Nf8 49. h5 Ne2 50. Rg2 Nf4+ 51. Nxf4 exf4 52. hxg6 Kg7 53. Kg4 f3 54. Kxf3 Rc3+ 55. Kf4 Rxa3 56. Rb2 Ra6 57. Kg5 c4 58. e5 dxe5 59. d6 b5 60. Rxb5 Rxd6 61. Rb7+ Kg8 62. Kh6 Nxg6 63. Bxg6 Kf8 64. Kg5 e4 65. Bxe4 Re6 66. Bf5 Re7 67. Rb8+ Kg7 68. Rc8 Ra7 69. Rxc4 Kf8 70. Kf6 Rf7+ 71. Ke5 Ra7 72. Be6 1-0